500 dictées musicales (Record no. 176648)

MARC details
000 -LEADER
campo de control de longitud fija 00672nam a22002055i 4500
001 - NÚMERO DE CONTROL
campo de control 176648
003 - IDENTIFICADOR DE NÚMERO DE CONTROL
campo de control ES-MaACL
005 - FECHA Y HORA DE LA ÚLTIMA TRANSACCIÓN
campo de control 20250824012205.0
008 - DATOS DE LONGITUD FIJA--INFORMACIÓN GENERAL
campo de control de longitud fija 110128s1951 fr |||| | fre d
080 ## - NÚMERO DE LA CLASIFICACIÓN DECIMAL UNIVERSAL
Número de la Clasificación Decimal Universal 78.087.6:78.089.6
080 ## - NÚMERO DE LA CLASIFICACIÓN DECIMAL UNIVERSAL
Número de la Clasificación Decimal Universal 78.089.6:78.087.6
100 1# - ENTRADA PRINCIPAL--NOMBRE DE PERSONA
Nombre de persona Mazellier, Jules.
9 (RLIN) 139516
245 10 - MENCIÓN DEL TÍTULO
Título 500 dictées musicales
Resto del título : a une, deux, trois et quatre voix : classées par ordre progressif et par tonalité /
Mención de responsabilidad, etc. Jules Mazellier.
260 ## - PUBLICACIÓN, DISTRIBUCIÓN, ETC.
Lugar de publicación, distribución, etc. Paris :
Nombre del editor, distribuidor, etc. Max Eschig,
Fecha de publicación, distribución, etc. [1951]
300 ## - DESCRIPCIÓN FÍSICA
Extensión 23 p. ;
Dimensiones 27 cm.
546 ## - NOTA DE IDIOMA
Nota de lengua/lenguaje Texto en francés.
650 #7 - PUNTO DE ACCESO ADICIONAL DE MATERIA--TÉRMINO DE MATERIA
Término de materia o nombre geográfico como elemento de entrada Música-
Subdivisión general Teoría
Fuente del encabezamiento o término
9 (RLIN) 139211
852 ## - LOCALIZACIÓN
Ubicación ES-MaACL
Número de control de estantería 2287-F-2
Holdings
Estatus retirado Estado de pérdida Estado de daño No para préstamo Colección Biblioteca de origen Biblioteca actual Ubicación en estantería Fecha de adquisición Fuente de adquisición Total de préstamos Signatura topográfica completa Código de barras Visto por última vez Precio de reemplazo Tipo de ítem Koha
        Colección de folletos Biblioteca del Ateneo de Madrid Biblioteca del Ateneo de Madrid Depósito folletos 28/01/2011     2287-F-2 1185514 23/02/2023 23/02/2023 Folleto